| 000 | 00564nam a22001697a 4500 | ||
|---|---|---|---|
| 003 | OSt | ||
| 005 | 20251211063848.0 | ||
| 008 | 251211b |||||||| |||| 00| 0 eng d | ||
| 020 | _a978-0-689-85940-3 | ||
| 040 |
_aDWCL - Main Lib _cOC |
||
| 082 | _aFic. D615s 2004 | ||
| 100 | _aDiterlizzi, Tony and Holly, Black | ||
| 245 |
_aThe spiderwick chronicles 5: _bthe wrath of Mulgarath / _cTony Diterlizzi and Black Holly |
||
| 260 |
_aNew York: _bSimon and Schuster books for young readers, _cc2004. |
||
| 300 |
_a139 p.: _bill.; _c18 cm. |
||
| 942 |
_2ddc _cFIC. _mFic. _n0 |
||
| 999 |
_c7041 _d7041 |
||